000 00317nam a22001337a 4500
999 _c15507
_d15507
003 OSt
008 180818b ||||| |||| 00| 0 eng d
082 _a694.1
_bLOV/TH
100 _aLove, George H
_93273
245 _aTheory and practice of woodwork
260 _aLongmans
_bLondon
_c1963
300 _a166
942 _cBK